000
00321nam a22001457a 4500
008
221108b ||||| |||| 00| 0 eng d
020
_a
0202260798
041
_a
eng
080
_2
SECOND EDITION
_a
616
082
_a
616 PAG
100
_a
14.2
101
_a
PATO
245
_a
PSYCHOPATHOLOGY
_c
PAGE.J
942
_2
udc
_c
BK
999
_c
58778
_d
58778